GenEtica: conflictos entre la ingeniería genética y los valores humanos

Na minha lista:
Detalhes bibliográficos
Principais autores: Suzuki, David (Autor), Knudtson, Peter (Autor)
Formato: Livro
Idioma:espanhol
Publicado em: Madrid Tecnos 1991
coleção:Colección Filosofía y Ensayo
Assuntos:
Tags: Adicionar Tag
Sem tags, seja o primeiro a adicionar uma tag!

MARC

LEADER 00000nam a2200000 a 4500
001 UCM5019
003 CL-VaPUC
008 020927e19910000SP |||||||||||||||||spa|d
082 0 4 |a 174.957  |b SUZ  |2 21 
100 0 |a Suzuki, David  |e author  |9 471299 
700 0 |a Knudtson, Peter  |e author  |9 471300 
245 1 0 |a GenEtica: conflictos entre la ingeniería genética y los valores humanos 
300 |a 338 p 
942 |c BK 
945 |d 20020927 00:00:00  |a vberengu 
260 |a Madrid  |b Tecnos  |c 1991 
650 7 |a GENETICA - ASPECTOS ETICOS Y MORALES  |2 CL-VaPUC  |9 471301 
650 0 |a Genética humana  |9 269609 
650 0 |a Armas biológicas (o bacteriológicas)  |9 470950 
650 7 |a INGENIERIA GENETICA - ASPECTOS ETICOS Y MORALES  |2 CL-VaPUC  |9 471302 
650 7 |a GENOMA HUMANO  |2 CL-VaPUC  |9 467807 
583 |a last modification  |c 20020927 00:00:00  |k Rodrigo Vera 
490 0 |a Colección Filosofía y Ensayo 
999 |c 301322  |d 301320 
952 |0 0  |1 2  |4 0  |6 174_957000000000000_SUZ_1991  |7 0  |8 A  |9 360165  |a BIBTEO  |b BIBTEO  |d 2019-11-21  |i 3835588  |o 174.957 SUZ 1991  |p 3835588  |r 2019-11-21  |w 2019-11-21  |x Descarte 2019  |y BK  |k ICR